| 000 | 02093nam a22003977a 4500 | ||
|---|---|---|---|
| 003 | PE-LiUPU | ||
| 005 | 20250731165651.0 | ||
| 008 | 230606b |||||||| |||| 00| 0 spa d | ||
| 040 |
_bspa _cPE-LiUPU _dPE-LiUPU _erda |
||
| 082 |
_220 _a370.724028 _bR696t |
||
| 100 |
_aRodríguez A., Walabonso. _eautor. _91202 |
||
| 245 | 1 | 0 |
_aTecnología de la investigación experimental en educación / _cWalabonso Rodríguez A. |
| 250 | _aSegunda edición. | ||
| 264 |
_aLima : _bINACE Ediciones, _c1984. |
||
| 300 |
_a191 páginas : _bIlustrado ; _c20.5 centímetros. |
||
| 504 | _aBibliografía: páginas 185 al 187. | ||
| 505 | _aBases teóricas de la investigación experimental -- El experimento -- El método experimental -- Bases para la investigación experimental en educación -- Planificación de la investigación experimental en educación --Sujetos del experimento -- Diseños semiexperimentales o de control no riguroso -- Diseños experimentales bicondicionales -- Diseños experimentales multicondicionales -- Diseños experimentales multivariables y especiales -- El muestreo en la organización de la investigación experimental -- Ejecución de la investigación experimental en educación -- El procesamiento de los datos de la investigación experimental -- Análisis estadístico de los resultados de la investigación experimental -- Estadística inferencial y no paramétrica en la investigación experimental -- El informe de la investigación experimental. | ||
| 526 | _aSEG44 | ||
| 526 | _aSEG26 | ||
| 526 | _aP151 | ||
| 526 | _aP150 | ||
| 526 | _aP149 | ||
| 526 | _aP146 | ||
| 526 | _aP145 | ||
| 526 | _aP126 | ||
| 526 | _aP125 | ||
| 526 | _aP92 | ||
| 526 | _aP75 | ||
| 526 | _aP74 | ||
| 526 | _aP27 | ||
| 526 | _aP15 | ||
| 650 | 0 |
_aInvestigación experimental (Educación) _xTecnología _91206 |
|
| 942 |
_2ddc _cBK |
||
| 980 |
_623148 _aAnálisis Documental EVILA ACOSTA _81 _gALBERTO SANCHEZ Responsable de Automatización |
||
| 999 |
_c61829 _d61829 |
||